[Event "URS-ch51 Final"]
[Site "Lvov"]
[Date "1984.04.14"]
[Round "9"]
[White "Vyzmanavin, Alexey"]
[Black "Ehlvest, Jaan"]
[Result "1-0"]
[WhiteElo "2470"]
[BlackElo "2485"]
[Annotator "ChessBase"]
[PlyCount "69"]
[EventDate "1984.04.03"]
[EventType "tourn"]
[EventRounds "17"]
[EventCountry "URS"]
[EventCategory "10"]
[SourceTitle "URS-ch"]
[Source "ChessBase"]
[SourceDate "1999.07.01"]
[SourceVersion "1"]
[SourceVersionDate "1999.07.01"]
[SourceQuality "1"]

1. d4 Nf6 2. Bg5 Ne4 3. Bf4 c5 4. d5 Qb6 5. Bc1 e6 6. f3 Qa5+ 7. c3 Nf6 8. e4
d6 9. Bd2 Qb6 10. c4 Qxb2 11. Nc3 $44 Qb6 12. f4 Nbd7 13. Nf3 e5 14. f5 g6 15.
Bd3 Qd8 16. O-O gxf5 (16... Bg7) 17. exf5 $16 h6 18. Kh1 Be7 (18... Bg7) 19.
Qc1 b5 20. Nxb5 e4 (20... Ba6) 21. Bf4 {[#]} Qb6 $2 (21... Nb6 22. Re1 a6 23.
Nxd6+ Bxd6 24. Bxe4 O-O 25. Bd3 $14 Bxf4 26. Qxf4 Kh7 (26... Nfd7 27. g4 $18)
27. Ne5 $14) 22. Rb1 $18 exf3 23. Re1 fxg2+ 24. Kg1 Kd8 25. Rxe7 Kxe7 26. Nxd6
Qa5 (26... Qd8) 27. Qe3+ Kf8 28. Re1 Kg7 29. Qg3+ Kh7 30. Re7 Rg8 31. Rxf7+ Kh8
32. Qh4 Rg4 33. Rf8+ Nxf8 34. Qxf6+ Kh7 35. Qf7+ 1-0

[Event "URS-ch51 Final"]
[Site "Lvov"]
[Date "1984.04.12"]
[Round "7"]
[White "Lputian, Smbat G"]
[Black "Ehlvest, Jaan"]
[Result "1-0"]
[WhiteElo "2540"]
[BlackElo "2485"]
[Annotator "ChessBase"]
[PlyCount "109"]
[EventDate "1984.04.03"]
[EventType "tourn"]
[EventRounds "17"]
[EventCountry "URS"]
[EventCategory "10"]
[SourceTitle "URS-ch"]
[Source "ChessBase"]
[SourceDate "1999.07.01"]
[SourceVersion "1"]
[SourceVersionDate "1999.07.01"]
[SourceQuality "1"]

1. d4 Nf6 2. Bg5 d6 3. Bxf6 exf6 4. e3 g6 5. c4 Bg7 6. Nc3 O-O 7. Bd3 f5 8.
Nge2 c5 9. O-O Nc6 10. dxc5 dxc5 11. Nf4 a6 12. Be2 Qa5 13. Qb3 Rb8 14. Rfd1
Re8 15. g3 b5 16. cxb5 axb5 17. Nxb5 g5 18. Nd5 Be6 19. a4 f4 20. Rac1 fxe3 21.
fxe3 Ne5 22. Rxc5 Nd7 23. Rc6 Nb6 24. Rxe6 Rxe6 25. Nbc7 Nd7 26. Bb5 Re5 27.
Qb4 Qa7 28. Ne7+ (28. Rf1) (28. Qd6 $14) 28... Kh8 29. Rxd7 (29. Ncd5 Rxe3 30.
Nxe3 Qxe3+ 31. Kg2 Ne5 32. Rf1 Nd3 33. Qd6 Qe2+ 34. Kg1 Qe3+ $11) 29... Qxe3+
30. Kg2 g4 (30... Rc5 31. Qd2 Qe4+ 32. Kg1 Rf8 $17) 31. Nc6 Rf5 32. Qd2 Qf3+
33. Kg1 Rbxb5 34. Rd8+ Bf8 35. Rxf8+ Kg7 36. Qd4+ Rbe5 37. Ne6+ Kh6 38. Qd2+
Re3 39. Nf4 Qe4 40. Rd8 Rf6 $2 (40... Qb1+ 41. Kg2 Qe4+ $11) 41. Rd4 Qb1+ 42.
Kg2 Rf3 43. Ne2+ R6f4 44. Qxf4+ Rxf4 45. Rxf4 Qxb2 46. Ncd4 Qb7+ 47. Kf2 Kg5
48. a5 Qh1 49. Ke3 h5 50. Rf5+ Kh6 51. Rxf7 h4 52. a6 Kg6 53. Rc7 h3 54. Rc1
Qa8 55. Rc6+ 1-0

[Event "AUT-ch"]
[Site "Moesern"]
[Date "1997.08.03"]
[Round "2"]
[White "Casagrande, Harald"]
[Black "Duer, Arne"]
[Result "1-0"]
[WhiteElo "2345"]
[BlackElo "2405"]
[Annotator "ChessBase"]
[PlyCount "131"]
[EventDate "1997.08.??"]
[EventType "tourn"]
[EventRounds "15"]
[EventCountry "AUT"]
[EventCategory "6"]
[SourceTitle "CBM 059 Extra"]
[Source "ChessBase"]
[SourceDate "1997.09.26"]
[SourceVersion "1"]
[SourceVersionDate "1997.09.26"]
[SourceQuality "1"]

1. d4 Nf6 2. Bg5 d6 3. Bxf6 exf6 4. e3 c6 5. Nd2 Nd7 6. Ne2 f5 7. c4 Nf6 8. Nf4
g6 9. g3 Bg7 10. Bg2 O-O 11. b4 Re8 12. O-O Bd7 13. Rb1 Ne4 14. Qc2 Nxd2 15.
Qxd2 Rb8 16. b5 Qc7 17. a4 Bh6 18. Ne2 Bg5 19. Rfc1 Rec8 20. c5 dxc5 21. Rxc5
Be7 22. Rc2 Qd6 23. Nf4 Bd8 24. Nd3 Be8 25. Rbc1 Qa3 26. Nc5 cxb5 27. Ra2 Ba5
28. Qc2 Qb4 29. Rb2 Qa3 30. Rb3 {[#]} Rxc5 31. dxc5 Qxa4 32. Qb2 b4 33. Rd3 Qb5
34. Rd6 b3 35. Bf1 Qa4 36. Bc4 Bc7 37. Bxb3 Qe4 38. Rc4 Qe7 39. Rd1 Bc6 40. Ba4
b5 41. cxb6 Rxb6 42. Qc1 Bxa4 43. Rxa4 Rb7 {[#]} {Das Endspiel sollte gewonnen
sein, technisch einfach aber ist die Aufgabe für Weiß nicht. Es folgte:} 44.
Rad4 Bb6 45. Qc8+ Kg7 46. Rd7 Rxd7 47. Rxd7 {Mit den Damen am Brett ist das
Endspiel leichter zu spielen, denn dem schwarzen König drohen Gefahren, wie
man noch sehen wird.} Qe6 ({Nach} 47... Qf6 {kommt das Manöver Tb7 nebst De8
und Tb8 in Betracht.}) 48. Qc3+ Kh6 49. Rd1 {Der Turm soll auf die vierte
Reihe, Zielfeld h4.} Qe4 50. Rc1 Qe7 51. Qh8 (51. Qh8 {Nun droht Tc1-c4-h4.
Weiß muß immer das Läuferopfer auf e3 im Auge behalten, aber nun scheitert}
Bxe3 {an} 52. Re1 {und es gibt kein "ewiges Schach"}) 51... Bc7 {Auf 52. Tc4
soll nun 52. ..Le5 geschehen, mit der Idee 53. Th4+? Dxh4!.} 52. Qa1 Be5 53.
Qa5 Bd6 54. Rc4 Be5 55. Ra4 {Weiß hat ein erstes Ziel erreicht: Der Läufer
mußte vom gedeckten Punkt b6 auf das ungedeckte Feld b8 ausweichen.} Bb8 56.
Qd5 Bd6 57. Qa8 Bc5 58. Qh8 $1 (58. Qh8 {Wieder in die Ecke! Doch nun steht
der Turm auf der 4. Reihe, und es droht bereits Matt.} Bxe3 {scheitert an} 59.
Rh4+ Kg5 60. Qc3 {mit der Drohung Txh7 und h2-h4+.}) 58... g5 {Der einzige Zug,
der aber zur entscheidenden Schwächung der Königsstellung führt.} 59. Qc3 Bb6
60. h4 $1 f6 61. Rc4 Kh5 62. Qc2 Qe5 63. hxg5 fxg5 64. g4+ Kh4 (64... Kg6 65.
Rc6+ {nebst gxf5.}) (64... fxg4 $4 65. Qxh7#) 65. Qd1 $1 {Der entscheidende
Schlußzug. Nun droht 66. gxf5+ usw.} f4 66. Kg2 $1 {Schwarz gab auf. Gegen die
Drohung 67. Dh1+ nebst 68. Dh3 matt ist kein Kraut gewachsen.} 1-0

[Event "BEL-chT 1920"]
[Site "Belgium"]
[Date "2020.02.16"]
[Round "8.1"]
[White "Edouard, Romain"]
[Black "Santos Latasa, Jaime"]
[Result "1-0"]
[WhiteElo "2640"]
[BlackElo "2591"]
[Annotator "Edouard,R"]
[PlyCount "67"]
[EventDate "2019.09.29"]
[EventType "team-tourn"]
[EventRounds "11"]
[EventCountry "BEL"]
[SourceTitle "CBM 195 Extra"]
[Source "ChessBase"]
[SourceDate "2020.05.31"]
[SourceVersion "1"]
[SourceVersionDate "2020.05.31"]
[SourceQuality "1"]
[WhiteTeam "KGSRL"]
[BlackTeam "Wachtebeke"]
[WhiteTeamCountry "BEL"]
[BlackTeamCountry "BEL"]

1. d4 Nf6 2. Bf4 c5 3. d5 d6 4. Nc3 Qb6 {A strange mix of ideas. Normally
Black plays 4...e5 at once.} 5. Qc1 (5. Bc1 $5 {made sense as well.}) ({So did
} 5. Qd2 $5 Qxb2 6. Rb1 Qa3 7. e4 $44) 5... e5 6. Bg5 Be7 7. e4 {After a 4am
taxi drive, 6am flight, 2 hours train, all that just before the game, I wasn't
really sure what was going on. I was lucky that the following line didn't work
for my opponent, and that he saw more than me!} h6 (7... Nxe4 $2 8. Nxe4 Qb4+
9. Nc3 Bxg5 10. Qxg5 Qxb2 11. Kd2 $1 Qxa1 12. Bb5+ $1 Bd7 13. Qxg7 Rf8 14. Nf3
$1 Qxh1 15. Ne4 {and White wins!}) ({However,} 7... Qd8 {to threaten ...Nxd5
was more logical than ...h6.}) 8. Bd2 Qd8 9. Bb5+ Nbd7 10. a4 O-O 11. Nge2 Ne8
12. Ng3 (12. h4 $5) 12... Bg5 13. Nf5 (13. Bxg5 Qxg5 14. Qxg5 hxg5 15. Nf5 Ndf6
{isn't much for White: Ne7+ and h4 is always answered with ...g4.}) 13... Bxd2+
14. Qxd2 Ndf6 15. Ne3 $1 Nc7 16. Be2 b6 17. g4 $1 {This is what the position
is calling for!} a6 18. h4 Rb8 (18... b5 19. g5 b4 20. gxf6 bxc3 21. Qxc3 Qxf6
22. Nc4 $16) 19. g5 hxg5 20. hxg5 Nh7 21. O-O-O Nxg5 (21... g6 22. Rh2 $5 Nxg5
23. Nc4 f6 24. f4 exf4 25. Qxf4 $18) 22. Rdg1 (22. Nf5 f6 23. f4 {was also
crushing.}) 22... b5 (22... g6 23. Nf5 $1 f6 24. f4 exf4 25. Qxf4 gxf5 26. Qh4
Kf7 27. Qh7+ $1 {would have been a cute finish:} Nxh7 (27... Ke8 28. Rxg5 $18)
28. Rxh7+ Ke8 29. Bh5+ Rf7 30. Rg8+ Kd7 31. Rxf7+ Qe7 32. Rgg7 Qxf7 33. Rxf7+
Kd8 34. Rxf6 $18) 23. Nf5 f6 24. f4 $1 Bxf5 25. exf5 exf4 (25... b4 26. fxg5
bxc3 27. Qd3 $1 fxg5 28. f6 $18) 26. Bh5 $1 {Preventing ...Kf7. It looks like
I'm slowly waking up in that game!} (26. Qxf4 {was good enough.}) 26... g6 (
26... Qe7 27. Re1 (27. Qh2 $5) 27... Qd7 28. Bg6 $18) (26... Nf7 27. Bxf7+ Kxf7
28. Rxg7+ $1 Kxg7 29. Qg2+ Kf7 30. Rh7+ Ke8 31. Qe2+ {was another nice line.})
27. Bxg6 Qe7 28. Qh2 Qg7 29. Ne4 (29. Rg4 $5) 29... bxa4 30. c3 $1 a3 31. Nxg5
fxg5 ({I was expecting} 31... Rxb2 {after which} 32. Qh7+ $1 {is a killer:}
Qxh7 33. Bxh7+ Kg7 (33... Kh8 34. Nf7+ Rxf7 35. Rg8#) 34. Ne6+ Kf7 35. Rg7+ Ke8
36. Bg6+ Rf7 37. Rh8+ Ke7 38. Rxf7#) 32. Rxg5 Rxb2 33. Bf7+ Kxf7 34. Rxg7+ 1-0

[Event "Salongernas IM"]
[Site "Stockholm"]
[Date "1996.??.??"]
[Round "9"]
[White "Engqvist, Thomas"]
[Black "Hedman, Erik"]
[Result "1-0"]
[WhiteElo "2380"]
[BlackElo "2355"]
[Annotator "Engqvist"]
[PlyCount "100"]
[EventDate "1996.??.??"]
[EventType "tourn"]
[EventRounds "9"]
[EventCountry "SWE"]
[EventCategory "4"]
[SourceTitle "CBM 053"]
[Source "ChessBase"]
[SourceDate "1996.08.01"]
[SourceVersion "1"]
[SourceVersionDate "1996.08.01"]
[SourceQuality "1"]

1. d4 Nf6 2. Bg5 e6 3. e4 h6 4. Bxf6 $8 Qxf6 5. Nc3 d6 6. Qd2 c6 7. f4 (7.
O-O-O e5 (7... Nd7 8. f4 e5 9. dxe5 dxe5 10. g3 Be7 11. Nf3 O-O 12. f5 b5 13.
g4 b4 14. Ne2 Rd8 15. Ng3 Nc5 16. Qe1 Rxd1+ 17. Qxd1 Bb7 18. h4 Rd8 19. Qe1 Qd6
20. g5 Na4 21. Bc4 Nb6 22. Bb3 c5 23. f6 $1 $40 {+- Gocheva-Lazic, Cetinje tt
1991}) 8. d5 (8. dxe5 dxe5 9. Nf3 Be7 10. Bc4 O-O 11. Kb1 Nd7 12. Ne2 b5 13.
Bd3 a5 14. Ng3 $13 {Dunworth-Dive, London 1994}) (8. Nf3 Be7 9. Kb1 Nd7 10. Ne2
Nf8 11. Qa5 Ng6 12. Ng3 Bd8 13. Qc3 O-O 14. d5 cxd5 15. Rxd5 Bb6 16. Qe1 Bg4
17. Rd2 Nf4 $17 {Summerscale-Knezevic, 1996}) 8... c5 9. h4 g6 10. g3 h5 11.
Kb1 a6 12. Nh3 (12. a4 $5) 12... b5 13. Ng5 Nd7 14. a4 b4 15. Na2 Bg7 16. Be2
Nb6 17. a5 Nd7 18. Nc1 Qd8 19. Nb3 Nf6 20. Rdf1 O-O 21. f4 exf4 {1/2 Romero
Holmes-Suarez, Ch Spain 1995}) 7... e5 (7... g5 8. f5 $1 exf5 9. O-O-O $32 fxe4
10. Nxe4 Qg6 11. Bd3 f5 12. Re1 fxe4 13. Bxe4 Qf6 14. Bxc6+ Kd8 15. Qa5+ b6 16.
Qc3 Nxc6 17. Qxc6 Bg7 18. Qxa8 $18 {David-Daly, Linares zt 1995}) 8. dxe5 (8.
Nge2 Bg4 (8... Nd7 $5 9. O-O-O Be7 10. g3 $13 {Stohl}) 9. O-O-O exd4 10. Qxd4
Qxd4 11. Rxd4 Bxe2 12. Bxe2 Nd7 13. Rhd1 Nc5 $10 {Stohl}) 8... dxe5 9. f5 {
>< Bc8} (9. fxe5 Qxe5 10. Nf3 Qa5 11. Bc4 Bb4 $36 {Stohl}) 9... Qd6 (9... Qg5
$5 $13 {Hedman}) (9... Qd8 $6 10. Qxd8+ Kxd8 11. Bc4 $14 f6 12. Nf3 Bb4 13.
O-O-O+ Kc7 14. Ne2 $16 {/\ Ng3-h5, Nh4-g6 >< g7}) (9... g6 $5 10. Bd3 Nd7 (
10... gxf5 $2 11. exf5 {>< e4} Bxf5 $4 12. Qf2 $18) 11. Nge2 h5 12. O-O Bh6 13.
Qe1 Qe7 14. Kh1 Nf6 15. Ng1 g5 16. Rb1 g4 17. b4 h4 18. Be2 Be3 19. Rb3 Bd7 20.
Nb1 Bd4 21. Bd1 O-O-O 22. c3 Bb6 23. Na3 Kb8 {=/+ Stohl} 24. Nc4 Bc8 25. Nxb6
axb6 26. Qe3 $13 {Minasian-Glek, Moscow Tal 1992}) 10. Bd3 b5 $5 $146 {At
first glance this seems to weaken the c4-square, but Black has an interes-
ting idea in mind.} (10... Be7 {/\ Bd8-b6} 11. Nf3 Nd7 (11... b5 $6 12. a4 b4
13. Nd1 {/\ Ne3 >< c4 Stohl}) 12. a4 $1 a5 (12... Nc5 13. Bc4 Qxd2+ 14. Kxd2
Bd6 (14... f6 15. Nh4 $36 {Stohl}) 15. g4 $14 {Stohl}) 13. g4 Qc5 14. Qf2 $5
Qb4 (14... Qxf2+ 15. Kxf2 Bd6 16. Bc4 $1 $14 {Hodgson-Magem Badals, Linares zt
1995}) 15. O-O-O Bc5 $132 {Stohl}) 11. a4 b4 12. Nd1 Nd7 13. Ne3 b3 $5 $13 {
This is the hidden point with 10...b5. Black weakens the White pawn structure
with a surprising pawn sacrifice.} (13... Nc5 14. Nc4 Qd4 $2 15. Nf3 Nxe4 $4
16. Qe2 $18) 14. cxb3 $8 Rb8 (14... Nc5 $5 {>< Bf8} 15. Bc2 Qxd2+ (15... Rb8
16. Nc4) (15... Qd4 16. O-O-O) 16. Kxd2 Rb8 17. Kc3 $13) 15. Bc2 $13 Qf6 $6 (
15... Qxd2+ 16. Kxd2 Bb4+ 17. Ke2 (17. Kc1 $2 Ba6 18. Nf3 f6 19. Kb1 Nc5 20.
Ka2 Ke7 21. Rhd1 Rb7 $17) 17... Ba6+ 18. Kf2 f6 19. Nf3 Nc5 20. Rhd1 $13) (
15... Qc7 $6 16. O-O-O Bb4 17. Qf2 $14) 16. O-O-O (16. Ne2 $2 Nc5 17. Nc1 $4
Nxb3 $19) 16... Bb4 17. Qf2 Ba6 18. Nf3 Qe7 19. Ng4 (19. Qg3 Bc5) (19. f6 Qxf6)
19... Rb7 (19... Bc5 20. f6 $1 (20. Qg3 f6) (20. Rxd7 Kxd7 21. Ngxe5+ Kc8 $1 $8
(21... Kc7 22. Qg3 Bd6 23. Qxg7 Rhg8 24. Qxf7 Qxf7 25. Nxf7) (21... Ke8 22. Qg3
) 22. Qg3 (22. Nxc6 $2 Qd6 23. Ncd4 Rd8 24. Rd1 Rb4 25. e5 Qd5 $19) 22... Qf6
23. Ng4 Qe7 24. Nge5 $10) 20... Nxf6 (20... gxf6 $2 21. Qd2 {/\ 22.Qd7+-} Rd8
22. Nh4 $16) (20... Bxf2 21. fxe7 Bd4 22. Nxd4 exd4 23. Rxd4 Kxe7 24. Rhd1 Rhd8
25. b4 $14) 21. Nxf6+ gxf6 22. Qg3 Be3+ 23. Kb1 Bf4 24. Qg7 Rf8 25. Nh4 Bc8 26.
g3 Bg5 27. Rhf1 Be6 28. Nf5 Bxf5 29. Rxf5 {/\ 30.h4 >< f6}) 20. f6 (20. Rxd7
Rxd7 21. Ngxe5 Rd6) 20... Nxf6 (20... gxf6 $2 21. Nh4 $16) 21. Ngxe5 $14 Bc5 (
21... O-O $5 22. Kb1 $14 (22. Nxc6 $2 Qc7 23. Nxb4 Rxb4 $132 {>< b3, e4})) 22.
Qd2 (22. Qg3 $2 Bd6 $1 23. Qxg7 Rg8 24. Qxf7+ Qxf7 25. Nxf7 Bf4+ $17) 22... O-O
23. Kb1 (23. Nxc6 $2 Qc7 $132) 23... Rc7 24. Qc3 (24. g4 $6 Bb4 25. Qg2 Bd6 26.
Nc4 Bxc4 27. bxc4 Nd7 $13 {White's pawn structure is certainly shattered in
this variation.}) 24... Rfc8 (24... Bb4 $2 25. Nxc6 Bxc3 26. Nxe7+ Rxe7 27.
bxc3 Nxe4 28. Bxe4 Rxe4 29. Rhe1 $16) 25. Ka2 (25. Nh4 Nxe4 $1 26. Bxe4 Qxh4
27. Bf5 Bb4 28. Qd4 Qxd4 29. Rxd4 Bc5 30. Bxc8 Bxd4 31. Bxa6 Bxe5 $10) (25.
Nxf7 $4 Bb4 26. Qd4 Rd7 $19) 25... Bb4 26. Qd4 Bc5 27. Qd2 Bb4 28. Qf4 Be2 (
28... Bd6 29. Qf5) 29. Rc1 Bd6 30. Qf5 Re8 (30... g6 $2 31. Nxg6 fxg6 32. Qxg6+
Qg7 (32... Kh8 33. Qxh6+ Nh7 34. e5 $18) 33. Qxg7+ Kxg7 34. e5 Bxf3 35. exd6
Rd7 36. gxf3 Rxd6 37. Rhg1+ $18) 31. Nc4 $4 (31. Rhe1 Bxe5 32. Rxe2 $14) (31.
Ng4 Nxg4 (31... Nxe4 $4 32. Rhe1 $18) 32. Qxg4 $14) 31... g6 32. Qh3 Bf4 33.
Rce1 Nxe4 $4 $138 (33... Bxc4 34. bxc4 Qb4 35. g3 (35. e5 Rb8 36. b3 Qc3 37.
Re2 Ne4 $1 {Hedman} 38. e6 f5 $1 $17 (38... Nd2 $2 39. Ne1 Qxh3 40. gxh3 $16 {
>< Nd2})) 35... Rb7 36. b3 Qc3 37. Qg2 Be3 $17) 34. Bxe4 (34. Rxe2 Nc3+ 35.
bxc3 Qxe2 36. Kb2 $18) 34... Qxe4 35. Rxe2 Qxe2 36. Re1 Qxe1 37. Nxe1 Rxe1 38.
Qh4 Re4 (38... Rf1 39. Qd8+ Kg7 40. Qd3 $18) 39. Qd8+ Kg7 40. g3 Bxg3 (40...
Rxc4 41. gxf4 $18) 41. hxg3 Rce7 42. Nd6 Re3 43. Nc8 R7e4 44. Nxa7 Rxg3 45.
Nxc6 h5 46. a5 h4 47. a6 h3 48. a7 h2 49. a8=Q h1=Q 50. Qf8+ Kf6 1-0

[Event "Corus-B"]
[Site "Wijk aan Zee"]
[Date "2004.01.15"]
[Round "5"]
[White "Stefanova, Antoaneta"]
[Black "Nijboer, Friso"]
[Result "0-1"]
[WhiteElo "2478"]
[BlackElo "2586"]
[Annotator "Finkel,A"]
[PlyCount "64"]
[EventDate "2004.01.10"]
[EventType "tourn"]
[EventRounds "13"]
[EventCountry "NED"]
[EventCategory "13"]
[SourceTitle "CBM 099"]
[Source "ChessBase"]
[SourceDate "2004.03.30"]
[SourceVersion "1"]
[SourceVersionDate "2004.03.30"]
[SourceQuality "1"]

1. d4 Nf6 2. Bg5 c5 3. d5 Qb6 $5 {After a loss in the previous "black"game to
Bruzon the Dutch grandmaster is willing to enter this risky line once again.}
4. Nc3 Qxb2 5. Bd2 Qb6 6. e4 e5 7. Rb1 ({Bruzon continued} 7. f4 {and managed
to win in very convincing fashion, however it's clear that Nijboer had
something in mind for that case.}) 7... Qd8 8. f4 d6 9. Nf3 (9. fxe5 dxe5 10.
Nf3 Bd6 11. Be2 (11. Bb5+ Nbd7 12. a4 (12. O-O a6 13. Bxd7+ Nxd7 14. a4 O-O 15.
Qe1 f6 16. Nh4 Rf7 17. Nf5 Nf8 $13 {Naumann,F-Plischki,S/Germany 1995}) 12...
O-O 13. O-O a6 14. Bd3 Re8 15. Nh4 Nf8 16. Nf5 Bxf5 17. Rxf5 Rb8 18. Qf3 Ng6
19. Bg5 Be7 $13 {Brandics,J-Rechner,K/Kecskemet 1992}) 11... h6 12. O-O O-O 13.
Qe1 Kh8 14. Nh4 a6 15. a4 b6 16. Nf5 Bxf5 17. Rxf5 Nbd7 18. Qg3 Ng8 19. Rbf1
$36 {Manic,J-Grujic,L/Belgrade 1991}) (9. f5 a6 10. a4 Be7 11. Nh3 h6 12. Be2
Nh7 13. Bh5 Ng5 14. Nf2 Nh7 15. h4 b6 16. g3 Ra7 17. Qe2 $44 {Berg Jensen,
J-Guddahl,V/Langesund 2001}) 9... Nbd7 10. Bc4 (10. f5 a6 11. a4 Be7 12. Bd3 h6
13. Qe2 Nh5 14. g4 Nf4 15. Qf2 h5 16. gxh5 Rxh5 17. Ne2 Nh3 $13 {Maki Uuro,
M-Salmensuu,O/Helsinki 2000}) 10... Be7 (10... a6 11. a4 Be7 12. O-O O-O 13. h3
Ne8 14. f5 Nc7 15. g4 b5 16. axb5 axb5 17. Nxb5 $16 {Gil Gonzales,J-Candela
Perez,J/Spain 1993}) 11. O-O {In my opinion it was better to take on e5. I'm
nearly sure that this time Dutch grandmaster would've opted for ...N:e5
instaed of taking with the pawn as in above mentioned game:} (11. fxe5 Nxe5 12.
Nxe5 dxe5 13. Qf3 O-O 14. O-O Ne8 15. Qg3 Nd6 $132) 11... exf4 $1 12. Bxf4 O-O
13. e5 {White has got to hurry since black was ready to play Ng4 taking e5
under control.} (13. Qe1 Ng4 14. Qg3 Bf6 $1 15. Qxg4 Bxc3 $15) 13... Nxe5 14.
Nxe5 dxe5 15. Bxe5 Ng4 {[%cal Ge7f6]} 16. Bf4 Bf6 17. Qd2 $4 {Very painfull
blunder. It was necessary to play} (17. Ne4 Bd4+ (17... Be5 18. Qd2 b6 19. Rbe1
) 18. Kh1 $44 {with a very complicated position.}) 17... g5 $1 $17 18. Bg3 (18.
Be3 Nxe3 19. Rxf6 Nxc4 20. Qxg5+ Kh8 $19) 18... Bd4+ 19. Kh1 Ne3 {Now black is
just an exchange up. All white's attempts to get counterchances failed to
accurate defense by black.} 20. Qd3 Nxf1 21. Rxf1 f5 22. Bc7 $5 {[%cal Gd5d6]}
Qf6 23. Nb5 (23. d6+ Kh8 (23... Be6 24. Nd5) 24. Nd5 Qh6 25. Ne7 Bd7 26. Nxf5
Qg6 $19) (23. Ne2 Bd7 24. d6+ Kg7 25. Bb5 Bxb5 26. Qxb5 b6 $19) 23... Bd7 24.
Nxd4 Qxd4 25. Qg3 h6 26. Qd6 Rf7 27. Be2 g4 $1 $19 28. Qxh6 $6 (28. Rf4) 28...
Re8 {[%csl Re2]} 29. Bd3 c4 30. Bxf5 Bxf5 31. d6 Bd7 32. Rc1 Qf4 0-1

[Event "Abu Dhabi op 13th"]
[Site "Abu Dhabi"]
[Date "2003.08.20"]
[Round "5"]
[White "Lputian, Smbat G"]
[Black "Iuldachev, Saidali"]
[Result "1/2-1/2"]
[WhiteElo "2623"]
[BlackElo "2513"]
[Annotator "Finkel,A"]
[PlyCount "131"]
[EventDate "2003.08.16"]
[EventType "swiss"]
[EventRounds "9"]
[EventCountry "UAE"]
[SourceTitle "CBM 097"]
[Source "ChessBase"]
[SourceDate "2003.11.11"]
[SourceVersion "1"]
[SourceVersionDate "2003.11.11"]
[SourceQuality "1"]

1. d4 Nf6 2. Bg5 d6 3. Bxf6 exf6 4. c4 f5 5. g3 g6 6. Nc3 Bg7 7. Bg2 O-O 8. e3
Nd7 9. Nge2 c6 10. b4 (10. O-O Re8 (10... h5 11. h4 Nf6 12. Nf4 Bh6 13. Qd3 Qb6
14. Rab1 Bxf4 15. exf4 Re8 16. b4 Be6 17. a4 $14 {Degraeve,J-Malisauskas,V/
Budapest 1996}) (10... Nf6 11. b4 Be6 (11... Qc7 12. Qd3 Bd7 13. a4 c5 14. Nb5
Bxb5 15. axb5 $16 {Zlochevskij,A-Termeulen,A/Porto San Giorgio 2000}) 12. Qd3
d5 13. c5 a6 14. a4 b5 15. cxb6 Qxb6 16. b5 axb5 17. axb5 cxb5 18. Qxb5 $16 {
Ionescu,D-Vajda,S/Bucharest 1997}) (10... Nb6 11. b3 Bd7 12. Qd3 Qe7 13. Nf4
Rfd8 14. b4 d5 15. c5 Nc8 16. b5 Qe8 17. bxc6 bxc6 18. Rab1 $16 {Stefanova,
A-Petrenko,S/Sovata 1999}) 11. b4 Nf6 (11... Nb6 12. c5 Nc4 13. Qd3 (13. cxd6
Nxd6 14. a4 Be6 15. b5 Rc8 16. bxc6 bxc6 17. Rc1 $14 {Akopian,V-Yurtaev,L/
Calcutta 2000}) 13... d5 14. Nf4 Be6 15. a4 g5 16. Nxe6 fxe6 17. Ne2 Qd7 18. f4
$14 {Miladinovic,I-Lin Weiguo/Moscow 1994}) 12. Qd3 Bd7 (12... Qe7 13. d5 (13.
b5 Ne4 14. Rab1 h5 15. a4 h4 16. a5 Bh6 17. a6 cxb5 18. Nd5 $14 {Torre,E-Safin,
S/Aden 2002}) 13... Ne4 14. dxc6 bxc6 15. Rad1 Nxc3 16. Nxc3 $14 {Dishman,
S-James,D/England 1997}) 13. a4 a5 14. b5 Qc7 15. Rab1 Bf8 16. Rb3 Rec8 17. Qb1
Rab8 18. Qb2 c5 19. b6 $16 {Aleksandrov,A-Novik,M/Moscow 1991/URS-ch}) (10. h4
Nf6 11. Nf4 Re8 12. Qc2 Qe7 13. O-O-O h5 14. Rhe1 Ne4 15. Kb1 Bd7 16. Nxe4 fxe4
17. Rc1 Bf5 $13 {Voloshin,L-Wenzel,R/Germany 2000}) 10... Nb6 $5 {Somehow I
didn't find this move in my database although it's the most natural one in the
position.} (10... Nf6 11. b5 cxb5 12. cxb5 Re8 13. Qc2 Ne4 14. O-O Bd7 15. Nxe4
fxe4 16. Bxe4 Bxb5 17. Bxb7 $16 {Agdamus,J-Pelikian,J/BRA 1995}) (10... a5 11.
b5 Nb6 12. bxc6 bxc6 13. Bxc6 Rb8 14. Bb5 Bb7 15. O-O Bf3 16. Qd3 h5 17. h4 Bf6
$44 {Lputian,S-Kveinys,A/Budapest 1996}) 11. c5 (11. Qd3 Be6 12. d5 cxd5 13.
cxd5 Bd7 14. O-O Rc8 $132) 11... Nc4 12. O-O d5 13. Nf4 (13. Qd3 Re8 14. b5 {
[%cal Ge2f4]} g5 15. Rab1 Be6 $13) 13... g5 14. Nd3 {The knight on c4 is quite
annoying so white's plan is to trade it for one his minor pieces.} Re8 15. Re1
a6 16. a4 Re6 17. Ra2 h5 $5 18. Ne2 (18. Qxh5 $2 g4 {[%csl Rh5]} 19. h4 Rh6 20.
Qg5 f6 21. Qf4 Rh5 $1 $19 {[%csl Rf4][%cal Gg7h6]}) (18. Nb2 Nxb2 19. Rxb2 h4
20. Qd2 Rh6 21. b5 axb5 22. axb5 $14) 18... Rh6 19. Nb2 Nxb2 20. Rxb2 h4 21. f4
{Not to worry about ...f4 by black!} Bd7 22. Kf2 Kh8 (22... g4 23. Nc1 Qe7 24.
Nd3 Qe6 25. Ne5 Bf8 $13) 23. fxg5 Qxg5 24. Nf4 Re8 25. Rg1 {White keeps
slightly better chances, but it's very difficult to make a progress since the
position is closed.} Bf6 26. Bf3 Bd8 27. Qd3 hxg3+ 28. hxg3 Rh2+ 29. Rg2 Rxg2+
30. Kxg2 Rg8 31. Kh1 Rg7 32. Rh2+ Kg8 33. Qf1 Bc7 34. Qh3 Kf8 35. Kg2 a5 36.
bxa5 Bxa5 37. Kf2 Bc7 38. Qh4 (38. Rh1 Rg8 39. Rb1 Bc8 40. Be2 Ke7) 38... Bd8
39. Rh1 Bc8 40. Be2 Rg8 41. Qxg5 Bxg5 (41... Rxg5 42. a5 Bc7 43. Ra1 Ke7 $11)
42. a5 Kg7 43. Ra1 Rh8 44. Kf3 Re8 45. a6 bxa6 46. Bxa6 Bxf4 47. gxf4 Bxa6 48.
Rxa6 Re6 49. Ra7 Kg6 50. Ra8 Kf6 51. Ra7 Kg6 52. Ra8 Kg7 53. Rd8 Kf6 54. Rh8
Kg7 55. Rh3 Re8 56. Rh5 Kg6 57. Rg5+ Kf6 58. Rg3 Rb8 59. Rg2 Re8 60. Re2 Rb8
61. Rh2 Kg6 62. Ra2 Re8 63. Rb2 Re6 64. Rb3 Kh5 65. Rb8 Kg6 66. Rc8 1/2-1/2